| 000 | 01505nam0a2200337 4500 | ||
|---|---|---|---|
| 001 | RU\NLR\BIBL_A\022704287 | ||
| 005 | 20260317143211.0 | ||
| 010 |
_a978-5-389-30462-8 _93000 |
||
| 021 |
_aRU _bКН-П-25-070983 _9КН-П-25-6872 |
||
| 035 | _a(NLR Aleph) 022704287 | ||
| 090 |
_a13635841 _c13635841 |
||
| 100 | _a20260120d2025 u y0rusy50 ca | ||
| 101 | 0 | _arus | |
| 102 | _aRU | ||
| 105 | _ay|||z|||000ay | ||
| 181 | 0 |
_ai4 _baxxe |
|
| 182 | 0 | _an | |
| 200 | 1 |
_aХозяин тайги _eповести и рассказы _fБорис Можаев |
|
| 203 |
_aТекст _bвизуальный _cнепосредственный |
||
| 210 |
_aСанкт-Петербург _cАзбука _d2025 |
||
| 215 |
_a732, [2] с. _d22 |
||
| 225 | 1 |
_aРусская литература _iБольшие книги |
|
| 327 | 0 | _aСодерж.: повести: Хозяин тайги; Живой; Тонкомер; История села Брёхова, писанная Петром Афанасиевичем Булкиным; Полтора квадратных метра; рассказы: Лесная дорога; Ингани; Даян Геонка; Симпатические письма; Петька Барин [и др.] | |
| 333 | _a16+ | ||
| 686 | 2 | _aШ6(2=Р)75-44 | |
| 700 | 1 |
_aМожаев _bБ. А. _f1923-1996 _gБорис Андреевич _3RU\NLR\AUTH\7731131 |
|
| 942 | _cBOOK | ||
| 980 | _aNB | ||